000 01190nam2a22002651 4500
001 RU\NLR\INFOCOMM18\1000234161
005 20050107172239.0
035 _a(NLR Aleph) 002405746
090 _a4673604
_c4673604
100 _a20050107d1981 |||y0rusy50 ca
101 0 _arus
102 _aRU
105 _ay |||||||||
200 1 _aКристаллизаторы скольжения и системы вторичного охлаждения для непрерывного литья слитков из меди и ее сплавов
_fА.М. Кац, Е.Г. Шадек
210 _d1981
461 0 _1001RU\NLR\INFOCOMM18\1000234137
_12001#$aЦветная металлургия$eОбзор. информ.$iСерия "Обработка цветных металлов и сплавов"$fЦНИИ экономики и информ. цв. металлургии. ЦНИИцветмет экономики и информ.$v1981, Вып.5
700 1 _aКац
_bА. М.
_4070
701 1 _aШадек
_bЕ. Г.
_4070
801 0 _aRU
_bNLR
_gPSBO
801 1 _aRU
_bInfoComm
_c20050107
852 _aNLR
_jП10/5643
942 _cISSUE
980 _aNB
980 _aRUSPER